Critica literaria /
Kaydedildi:
| Yazar: | |
|---|---|
| Materyal Türü: | Bilinmiyor |
| Dil: | Spanish |
| Baskı/Yayın Bilgisi: |
La Habana, Cuba :
Letras Cubanas,
1990.
|
| Konular: | |
| Etiketler: |
Etiketle
Etiket eklenmemiş, İlk siz ekleyin!
|
MARC
| LEADER | 000000000a22000000004500 | ||
|---|---|---|---|
| 001 | 001886 | ||
| 041 | 0 | |a spa | |
| 082 | 0 | 4 | |a 860.9 |b L318c |
| 100 | 1 | |a De Armas y Cárdenas, José (Justo de Lara) | |
| 245 | 1 | 0 | |a Critica literaria / |c José De Armas y Cárdenas. |
| 260 | 1 | |a La Habana, Cuba : |b Letras Cubanas, |c 1990. | |
| 300 | |a 390 páginas ; |c 23 x 15 cm | ||
| 650 | 4 | |a LITERATURA | |
| 650 | 4 | |a HISTORIA Y CRITICA | |
| 650 | 4 | |a COLECCIONES | |
| 999 | |c 8532 |d 8532 | ||
| 942 | |c BK |h 860.9 L318c |2 z | ||
